Logo BPK

Biblioteka

Politechniki Koszalińskiej

Ekonometryczne modele rynku : (Rekord nr 47157)

Szczegóły MARC
000 -ETYKIETA REKORDU
podpole kontrolne o stałej długości 00450nam a2200157 i 4500
001 - NUMER KONTROLNY REKORDU
pole kontrolne bg
040 ## - ŹRÓDŁO KATALOGOWANIA
Instytucja, która utworzyła rekord BPK
041 ## - KOD JĘZYKA
Kod języka tekstu pol
080 ## - UNIWERSALNA KLASYFIKACJA DZIESIĘTNA - UKD
UKD 330.115
008 - POLE O STAŁEJ DŁUGOŚCI - DANE KONTROLNE
podpole kontrolne o stałej długości s pl f |000 0 pol
245 #0 - TYTUŁ/ODPOWIEDZIALNOŚĆ
Tytuł Ekonometryczne modele rynku :
Ciąg dalszy tytułu analiza, prognozy, symulacja.
Oznaczenie części/sekcji dzieła T. 1,
Tytuł części/sekcji dzieła Metody ekonometryczne /
Pozostałe elementy strefy tytułu i oznaczenia odpowiedzialności pod red. Władysława Welfego.
260 ## - STREFA ADRESU WYDAWNICZEGO
Miejsce wydania Warszawa,
Data publikacji, dystrybucji/powstania dokumentu 1977.
650 #9 - HASŁO PRZEDMIOTOWE W FORMIE NAZWY OGÓLNEJ LUB JEDNOSTKOWEJ
Nazwa ogólna lub geograficzna Ekonometria
700 1# - HASŁO DODATKOWE - NAZWA OSOBOWA
Nazwa osobowa Welfe, Władysław.
Określenie związku między hasłem a opisywanym materiałem Red.
856 ## - LOKALIZACJA I DOSTĘP DO ELEKTRONICZNYCH DOKUMENTÓW ZDALNYCH
Link (URL) http://koha.tu.koszalin.pl/cgi-bin/koha/opac-detail.pl?biblionumber=47157
Tekst linku Katalog online BPK
942 ## - DODATKOWE ELEMENTY (KOHA)
Typ dokumentu Książka
Egzemplarze
Wycofany Status egzemplarza Uszkodzony Dostępność Lokalizacja stała Lokalizacja bieżąca Miejsce przechowywania Sygnatura Kod kreskowy Ostatnio wypożyczono Typ dokumentu
      Dostępny Biblioteka Politechniki Koszalińskiej Biblioteka Politechniki Koszalińskiej Wypożyczalnia BG 22165/1 01040722 06.11.2013 Książka
© 2023 Biblioteka Politechniki Koszalińskiej :: KOHA